00783nam a2200157 a 450000100100000000500170001000800410002704000250006808200160009311000470010924000180015624500720017426001050024630000200035150502540037100003202820200930063353.0100226s1979 dr 001 0 spa d aDO-SdBNPbspacBNPHU axxxxbR426l1 aRepública Dominicana.bCongreso Nacional13a[Leyes, etc.]10aLey no.2569, modificada, de impuesto sobre sucesiones y donaciones. aCiudad Trujillo, República Dominicana :bDirección General del Impuesto Sobre Beneficios,c1979. a38 p. ;c20 cm.0 g1tLey no. 985 sobre filiación de los hijos naturales ;g2tJurisprudencia actual relacionada con la aplicación del impuesto sobre sucesiones y donaciones ;g3tÍndice de la legislación del inpuesto sobre sucesiones, particiones y donaciones